What was it called Before? - Statistics

General Stats
  • This quiz has been taken 8 times
  • The average score is 2 of 8
Answer Stats
Hint Answer % Correct
1922-1991 Soviet Union
100%
1721-1917 Russian Empire
63%
1991-Present Russian Federation
38%
1264-1547 Grand Principality of Moscow
0%
1125-1264 Principality of Zusdal
0%
1917-1918 Russian Republic
0%
1917-1922 Russian SFSR
0%
1547-1721 Tsardom of Russia
0%
No matching quizzes found
Score Distribution
Percent of People with Each Score
Percentile by Number Answered
Your Score History
You have not taken this quiz